Catálogo
 En Linea

Perfil socio-laboral y necesidades de capacitación de jóvenes en situación de volnerabilidad municipio de San Juan de la Maguana. (Registro nro. 43831)

Detalles MARC
000 -CABECERA
campo de control de longitud fija 00545nam a2200145 a 4500
001 - NÚMERO DE CONTROL
campo de control 000044342
005 - FECHA Y HORA DE LA ÚLTIMA TRANSACCIÓN
campo de control 20201002045315.0
008 - DATOS DE LONGITUD FIJA--INFORMACIÓN GENERAL
campo de control de longitud fija 140620s2010 dr ad 000 0 spa d
020 ## - NÚMERO INTERNACIONAL ESTÁNDAR DEL LIBRO
Número Internacional Estándar del Libro 9789945875430
040 ## - FUENTE DE LA CATALOGACIÓN
Centro catalogador/agencia de origen DO-SdBNP
Lengua de catalogación spa
Centro/agencia transcriptor BNPHU
245 00 - MENCIÓN DE TÍTULO
Título Perfil socio-laboral y necesidades de capacitación de jóvenes en situación de volnerabilidad municipio de San Juan de la Maguana.
260 ## - PUBLICACIÓN, DISTRIBUCIÓN, ETC.
Lugar de publicación, distribución, etc. Santo Domingo :
Nombre del editor, distribuidor, etc. Ministerio de Trabajo,
Fecha de publicación, distribución, etc. 2010.
300 ## - DESCRIPCIÓN FÍSICA
Extensión 50 p. :
Otras características físicas il.: gráf. ;
Dimensiones 29 cm.
710 2# - PUNTO DE ACCESO ADICIONAL--NOMBRE DE ENTIDAD CORPORATIVA
Nombre de entidad corporativa o nombre de jurisdicción como elemento de entrada Ministerio de Trabajo
Sede del congreso/Lugar de la reunión Santo Domingo
9 (RLIN) 72349
Existencias
Estado de retiro Estado de pérdida No para préstamo Código de colección Localización permanente Ubicación/localización actual Ubicación en estantería Fecha de adquisición Número de inventario Total de préstamos Signatura topográfica completa Código de barras Fecha visto por última vez Precio válido a partir de Tipo de ítem Koha Número de copia Restricciones de uso
    Excluido de préstamo Patrimonio Dominicano Patrimonio Dominicano Patrimonio Dominicano En catalogación 20.06.2014 LF1   44342-10 25.06.2020 25.06.2020 Libro y Folleto Colección Patrimonio Dominicano    
    Excluido de préstamo Patrimonio Dominicano Patrimonio Dominicano Patrimonio Dominicano En catalogación 20.06.2014 LF1   44342-20 25.06.2020 25.06.2020 Libro y Folleto Colección Patrimonio Dominicano e. 2  
      Dominicana de Servicio Patrimonio Dominicano Patrimonio Dominicano En catalogación 20.06.2014 LF1   44342-30 25.06.2020 25.06.2020 Libro y Folleto Colección Dominicana de Servicio e. 3 Préstamo interno

Con tecnología Koha